Music Quiz

Random Music or Clip Quiz

Star Wars Leitmotifs (clips) Quiz Stats

Quiz not verified by Sporcle

Challenge
Share
Tweet
Score 0/21 Timer 11:00
1 Play Today
Time Theme % Correct
1. 0:00-0:15Luke Skywalker's Theme
92%
3. 0:30-0:45Leia's Theme
80.1%
2. 0:15-0:30Force Theme or Ben Kenobi's Theme
75.2%
11. 2:20-2:30Imperial March or Darth Vader's Theme
60.3%
5. 1:00-1:15Duel of the Fates
55.3%
8. 1:40-2:00The Emperor's Theme
55.1%
4. 0:45-1:00Parade of the Ewoks
47.5%
12. 2:30-2:40Yoda's Theme
45%
7. 1:30-1:40Han Solo and the Princess
44.9%
13. 2:40-2:55Jawa Motif
43.8%
9, 2:00-2:10Jabba's Theme
43.1%
Time Theme % Correct
19. 4:00-4:15Across the Stars
39.4%
10. 2:10-2:20Anakin's Theme
30.3%
18. 3:45-4:00Luke and Leia
24.8%
16. 3:15-3:35Battle of the Heroes
24.1%
21. 4:35-end (Identify both themes)Duel of the Fates and Force Theme
21.1%
6. 1:15-1:30Rebel Fanfare
19.3%
15. 3:10-3:15Boba Fett's Motif
14.8%
14. 2:55-3:10Trade Federation March
13.3%
20. 4:15-4:35 (Identify both themes)Funeral Theme and Imperial March
11.5%
17. 3:35-3:45Darth Maul's Motif
10.2%

You're not logged in!

Compare scores with friends on all Sporcle quizzes.
Join for Free
OR
Log In

You Might Also Like...

Show Comments

Extras

Top Quizzes Today


Score Distribution

Your Account Isn't Verified!

In order to create a playlist on Sporcle, you need to verify the email address you used during registration. Go to your Sporcle Settings to finish the process.

Report this User

Report this user for behavior that violates our Community Guidelines.

Details: